First report to the governments of the United Nations by the interim commission on food and agriculture and final act of the United Nations conference on food and Lands (Record no. 427112)

000 -LEADER
fixed length control field 00528cam a22001097a 4500
008 - FIXED-LENGTH DATA ELEMENTS--GENERAL INFORMATION
fixed length control field 180718b1944 xxu||||| |||| 00| 0 eng d
082 ## - DEWEY DECIMAL CLASSIFICATION NUMBER
Classification number Z09 Un3
245 ## - TITLE STATEMENT
Title First report to the governments of the United Nations by the interim commission on food and agriculture and final act of the United Nations conference on food and Lands
Statement of responsibility, etc. by Department of Education, Health and Lands, India
260 ## - PUBLICATION, DISTRIBUTION, ETC.
Place of publication, distribution, etc. Delhi
Name of publisher, distributor, etc. Department of Education, Health and Lands
Date of publication, distribution, etc. 1944
300 ## - PHYSICAL DESCRIPTION
Extent 66p.
700 ## - ADDED ENTRY--PERSONAL NAME
Personal name India. Department of Education, Health and Lands
Holdings
Withdrawn status Lost status Damaged status Not for loan Permanent Location Current Location Date acquired Full call number Barcode Date last seen Price effective from Koha item type
        Indian Institute of Public Administration Indian Institute of Public Administration 2009-11-10 Z09 Un3 21476 2018-07-21 2018-07-21 Book

Powered by Koha